000 00368nam a2200157Ia 4500
008 210210b1946 xxu||||| |||| 00| 0 eng d
041 _aeng
082 _a828/160
100 _aCOLE (M)
245 _aBeatrice webb
260 _aLondon
_bLongmans Green and Company Limited
_c1946
650 _awebb
650 _aBeatrice
690 _aBiography
906 _a016005
999 _c135395
_d135395